Statistiques concernant Coupes du Monde de Football: Bulgarie

Cliquez ici pour prendre le quiz!

Statistiques générales

  • Ce quiz a été pris 58 fois
  • Le résultat moyen est 17 sur 19

Statistiques - réponses

Réponse% Correct
Allemagne
96%
Argentine
96%
Brésil
96%
Italie
96%
RFA
96%
Uruguay
96%
Espagne
92%
Suède
92%
Angleterre
90%
Mexique
90%
Portugal
88%
Maroc
85%
Paraguay
85%
Corée du Sud
81%
Hongrie
81%
Nigeria
81%
Pays-Bas
79%
Pérou
77%
Grèce
73%

Distribution des résultats

Percentile par nombre de réponses

% des personnes avec chaque résultat

Votre développement - résultats

Vous n’avez pas pris ce quiz